| 000 | 00978nam a2200205 a 4500 | ||
|---|---|---|---|
| 008 | 120416s1992 xx |||||||||||||| || u | ||
| 020 | _a0750601159 | ||
| 050 | _aTH 145 Chu | ||
| 100 | _aChudley, R | ||
| 245 | 1 | 0 | _aBuilding construction handbook. -- 2nd ed. |
| 250 | _a2nd ed. | ||
| 260 | _c1992 | ||
| 350 | _a0.00 | ||
| 650 | _aBUILDING | ||
| 650 | _aBUILDING--HANDBOOKS, MANUALS, ETC | ||
| 995 |
_aBINDERY (DAMAGED) _D0.00 _e730553 _FCBU-MAIN LIBRARY (Kitwe) _H3 _I14.95 _jREF TH 145 CHU _M4 _UDAMAGED _y027519 _ZReference Collection |
||
| 995 |
_aBINDERY (DAMAGED) _D0.00 _e723794 _FCBU-MAIN LIBRARY (Kitwe) _H1 _I0.00 _jTH 145 Chu _M4 _UDAMAGED _WJun 23, 2009 _y023315 _ZMain Library Open Access Collection |
||
| 995 |
_aBINDERY (DAMAGED) _D0.00 _e730359 _FCBU-MAIN LIBRARY (Kitwe) _H2 _I14.95 _jREF TH 145 CHU _M3 _UDAMAGED _y027442 _ZReference Collection |
||
| 995 |
_aBINDERY (DAMAGED) _D0.00 _e727909 _FCBU-MAIN LIBRARY (Kitwe) _H1 _I14.95 _jREF TH 145 CHU _UDAMAGED _y026077 _ZReference Collection |
||
| 999 |
_c77787 _d77787 |
||